| 000 | 00663nam a2200217Ia 4500 | ||
|---|---|---|---|
| 001 | 5741 | ||
| 003 | GE_BSU | ||
| 008 | 181216s||||||||xx |||||||||||||| ||und|| | ||
| 040 | _cGE_BSU | ||
| 080 | _a512.64(075.8) | ||
| 100 | _aГоловина Л. И. | ||
| 245 | _aЛинейная алгебра и некоторые ее приложения: | ||
| 245 | _bУчебное пособие для.студ.вузов | ||
| 250 | _aизд.2-ое | ||
| 260 | _aМосква | ||
| 260 | _bНаука | ||
| 260 | _c1975 | ||
| 300 | _a407 с. 20 см. | ||
| 653 | _aЛинейная алгебраи некоторые ее приложения: | ||
| 942 | _cBK | ||
| 999 |
_c39158 _d39158 |
||